| 000 | 00349nam a2200133Ia 4500 | ||
|---|---|---|---|
| 008 | 150202s9999 xx 000 0 und d | ||
| 020 | _a515129712 | ||
| 050 |
_aFIC _bFIC |
||
| 100 | _aErickson, Lynn. | ||
| 245 |
_aOn thin ice / _cLynn Erickson. |
||
| 260 |
_aNew York : _bJove Books, _c2000. |
||
| 300 |
_a407 pages : _c18 cm. |
||
| 650 | _aFiction. | ||
| 999 |
_c281980 _d281980 |
||